| Поле | Название | Значение |
| |
Тип записи |
a |
| |
Библиографический уровень |
m |
| 001 |
Контрольный номер |
RU/URAIT/587512 |
| 005 |
Дата корректировки |
20260429163652.6 |
| 008 |
Кодируемые данные |
260429s2026 RU y f j 000 0 rus u |
| 020 |
Индекс ISBN |
__ |
| a |
ISBN |
978-5-534-10854-5 |
| c |
Цена, тираж |
2359.00 |
| 040 |
Источник каталогиз. |
__ |
| a |
Служба первич. каталог. |
ИКО Юрайт |
| c |
Служба, преобразующая запись |
ИКО Юрайт |
| e |
Правила каталог. |
RCR |
| 041 |
Код языка издания |
__ |
| a |
Код языка текста |
rus |
| 044 |
Код страны публикации |
__ |
| a |
Код страны публикации |
RU |
| 080 |
Индекс УДК |
__ |
| a |
Индекс УДК |
664(075.8) |
| 084 |
Индекс другой классификации/Индекс ББК |
__ |
| 2 |
Источник индекса |
rubbk |
| a |
Индекс другой классификации/Индекс ББК |
36.81я73 |
| 100 |
Автор |
__ |
| a |
Автор |
Курочкин А. А. |
| q |
Полное имя |
Курочкин Анатолий Алексеевич |
| 245 |
Заглавие |
__ |
| a |
Заглавие |
Оборудование и автоматизация перерабатывающих производств |
| b |
Продолж. заглавия |
учебник для вузов |
| c |
Ответственность |
А. А. Курочкин, Г. В. Шабурова, А. С. Гордеев, А. И. Завражнов. |
| 250 |
Сведения об издании |
__ |
| g |
|
испр. и доп |
| a |
Основные сведения об издании |
2-е изд. |
| 256 |
Характеристики компьютерного файла |
__ |
| a |
Характеристики компьютерного файла |
Электрон. дан. |
| 260 |
Выходные данные |
__ |
| a |
Место издания |
Москва |
| b |
Издательство |
Юрайт |
| c |
Дата издания |
2026 |
| 300 |
Физическое описание |
__ |
| a |
Объем |
586 с |
| 440 |
Серия |
__ |
| a |
Серия |
Высшее образование |
| 500 |
Примечания |
__ |
| a |
Примечание |
URL: https://urait.ru/bcode/587512 (дата обращения: 29.04.2026). |
| 520 |
Аннотация |
__ |
| a |
Аннотация |
В курсе приведено описание современного оборудования, обеспечивающего выполнение ресурсосберегающих технологических процессов подготовки, переработки и получения готовой продукции из пищевого сырья растительного и животного происхождения. Подробно рассмотрены классификация машин и аппаратов, аппаратурно-технологические схемы перерабатывающих производств, оборудование для разделения продуктов переработки, механической переработки, а также для прессования сырья и полуфабрикатов. Описаны тепломассообменные процессы перерабатывающих производств, особенности оборудования малотоннажных перерабатывающих производств, поточные механизированные и автоматизированные линии перерабатывающих производств, а также основы автоматизации технологических процессов. Соответствует актуальным требованиям Федерального государственного образовательного стандарта высшего образования. Для студентов высших учебных заведений, обучающихся по инженерно-техническим и аграрным направлениям. |
| 538 |
Прим. о системных особенностях |
__ |
| a |
Прим. о системных особенностях |
Режим доступа: Электронно-библиотечная система Юрайт, для авториз. пользователей |
| 653 |
Ключевые слова |
__ |
| a |
Ключевые слова |
Пищевая промышленность и общественное питание |
| 653 |
Ключевые слова |
__ |
| a |
Ключевые слова |
Технические науки |
| 653 |
Ключевые слова |
__ |
| a |
Ключевые слова |
Оборудование и автоматизация перерабатывающих производств |
| 653 |
Ключевые слова |
__ |
| a |
Ключевые слова |
Технология комбикормов |
| 653 |
Ключевые слова |
__ |
| a |
Ключевые слова |
Оборудование перерабатывающих производств |
| 653 |
Ключевые слова |
__ |
| a |
Ключевые слова |
Технология производства комбикормовой продукции |
| 653 |
Ключевые слова |
__ |
| a |
Ключевые слова |
Автоматизация деятельности предприятий пищевой промышленности |
| 653 |
Ключевые слова |
__ |
| a |
Ключевые слова |
Производство комбикормов |
| 653 |
Ключевые слова |
__ |
| a |
Ключевые слова |
Технологии производства комбикормов |
| 653 |
Ключевые слова |
__ |
| a |
Ключевые слова |
Научные основы системных исследований технологий, машин и оборудования в животноводстве |
| 653 |
Ключевые слова |
__ |
| a |
Ключевые слова |
Оборудование комбикормовых предприятий |
| 653 |
Ключевые слова |
__ |
| a |
Ключевые слова |
Оборудование комбикормовой промышленности |
| 653 |
Ключевые слова |
__ |
| a |
Ключевые слова |
Машины и оборудование для первичной переработки сельхоз продукции |
| 653 |
Ключевые слова |
__ |
| a |
Ключевые слова |
Технология производства комбикормов |
| 700 |
Другие авторы |
__ |
| a |
Другие авторы |
Шабурова Г. В. |
| q |
Полное имя |
Шабурова Галина Васильевна |
| 700 |
Другие авторы |
__ |
| a |
Другие авторы |
Гордеев А. С. |
| q |
Полное имя |
Гордеев Александр Сергеевич |
| 700 |
Другие авторы |
__ |
| a |
Другие авторы |
Завражнов А. И. |
| q |
Полное имя |
Завражнов Анатолий Иванович |
| 856 |
Электронный адрес документа |
40 |
| n |
Местонахождение сервера |
Юрайт |
| g |
|
Электронная книга |
| q |
Тип электронного формата |
html |
| h |
Имя пользователя |
ЮРАЙТ |
| v |
Часы доступа к ресурсу |
20271231 |
| 2 |
Способ доступа |
Показать документ |
| x |
Служебное примечание |
https://urait.ru/book/cover/AE9D17E4-A4AA-4618-98DE-1646D0057721 |
| u |
URL |
https://urait.ru/bcode/587512 |
| 856 |
Электронный адрес документа |
48 |
| q |
Тип электронного формата |
cover |
| u |
URL |
https://urait.ru/book/cover/AE9D17E4-A4AA-4618-98DE-1646D0057721 |
| 911 |
|
__ |
| u |
|
0030=https://urait.ru/bcode/587512 |
| 911 |
|
__ |
| u |
|
073a=9785534108545 |
| u |
|
073d=2359.00 |
| 911 |
|
__ |
| u |
|
106a=s |
| 911 |
|
__ |
| u |
|
900l= |
| 952 |
Тип литературы |
__ |
| i |
Дисциплина |
Оборудование и автоматизация перерабатывающих производств |
| 952 |
Тип литературы |
__ |
| i |
Дисциплина |
Технология комбикормов |
| 952 |
Тип литературы |
__ |
| i |
Дисциплина |
Оборудование перерабатывающих производств |
| 952 |
Тип литературы |
__ |
| i |
Дисциплина |
Технология производства комбикормовой продукции |
| 952 |
Тип литературы |
__ |
| i |
Дисциплина |
Автоматизация деятельности предприятий пищевой промышленности |
| 952 |
Тип литературы |
__ |
| i |
Дисциплина |
Производство комбикормов |
| 952 |
Тип литературы |
__ |
| i |
Дисциплина |
Технологии производства комбикормов |
| 952 |
Тип литературы |
__ |
| i |
Дисциплина |
Научные основы системных исследований технологий, машин и оборудования в животноводстве |
| 952 |
Тип литературы |
__ |
| i |
Дисциплина |
Оборудование комбикормовых предприятий |
| 952 |
Тип литературы |
__ |
| i |
Дисциплина |
Оборудование комбикормовой промышленности |
| 952 |
Тип литературы |
__ |
| i |
Дисциплина |
Машины и оборудование для первичной переработки сельхоз продукции |
| 952 |
Тип литературы |
__ |
| i |
Дисциплина |
Технология производства комбикормов |